The subversive voice of Carmen Lyra: selected works/

El texto es una traducción al inglés de las principales obras de María Isabel Carvajal Quesada, mejor conocida como Carmen Lyra, centradas en un análisis literario, histórico, social como político que se ven impresas en sus diversas obras como producto de las vivencias de su época, de la Costa Rica...

Full beskrivning

Sparad:
Bibliografiska uppgifter
Övriga upphovsmän: Horan, Elizabeth Rosa (traductora)
Materialtyp: Bok
Språk:English
Publicerad: Florida: University Press of Florida, 2000
Ämnen:
Taggar: Lägg till en tagg
Inga taggar, Lägg till första taggen!

MARC

LEADER 00000nam a22000007a 4500
003 cru CIDCACS/IIS
005 20221012124051.0
007 ta
008 170518t2000 flu||||| |||| 00| 0 eng d
020 |a 081301767X 
040 |c cru CIDCACS/IIS 
090 |a 05.05.03 L992s 
245 0 4 |a The subversive voice of Carmen Lyra:  |b selected works/  |c edited, translated and with an introduction by Elizabeth Rosa Horan 
260 |a Florida:  |b University Press of Florida,  |c 2000 
300 |a 225 páginas :  |b fotos 
520 3 |a El texto es una traducción al inglés de las principales obras de María Isabel Carvajal Quesada, mejor conocida como Carmen Lyra, centradas en un análisis literario, histórico, social como político que se ven impresas en sus diversas obras como producto de las vivencias de su época, de la Costa Rica que experimentó. Así el texto brinda análisis de las lógicas presentes en cada una de sus obras como producto de su vida, por lo que se toma información clave de su biografía para realizar estos análisis. FGO 12/10/2022 
650 0 0 |0 TESAURO OCDE  |9 631  |a BIOGRAFIAS 
650 0 0 |0 TESAURO OCDE  |9 4551  |a AUTORES 
650 0 0 |0 TESAURO OCDE  |9 3235  |a LITERATURA 
651 0 |2 TESAURO OCDE  |9 32  |a COSTA RICA 
700 1 |9 4798  |a Horan, Elizabeth Rosa  |e traductora 
942 |2 ddc  |c LI 
999 |c 19338  |d 19338